Management and Sustainability in the Belt and Road
Saved in:
| Other Authors: | , |
|---|---|
| Format: | Book |
| Language: | English |
| Published: |
Boca Raton
CRC Press/Taylor & Francis Group
2023
|
| Edition: | 1st Edition |
| Subjects: | |
| Tags: |
No Tags, Be the first to tag this record!
|
MARC
| LEADER | 00000nam a2200000 4500 | ||
|---|---|---|---|
| 001 | 0296478 | ||
| 005 | 20240527130219.9 | ||
| 020 | |a 978-1-003-19814-7 | ||
| 041 | 0 | |a eng | |
| 044 | |a US | ||
| 245 | 1 | 0 | |a Management and Sustainability in the Belt and Road |c Edited by. Andrew W. H. Ip, Lianne K. W. Lam |
| 250 | |a 1st Edition | ||
| 264 | 1 | |a Boca Raton |b CRC Press/Taylor & Francis Group |c 2023 | |
| 300 | |a 290 s. | ||
| 610 | 2 | 0 | |a manažment |
| 610 | 2 | 0 | |a rozvoj trvalo udržateľný |
| 610 | 2 | 0 | |a udržateľnosť |
| 610 | 2 | 0 | |a obchod zahraničný |
| 610 | 2 | 0 | |a vzťahy hospodárske medzinárodné |
| 610 | 2 | 0 | |a Čína |
| 700 | 1 | |a Ip, Andrew W. H. | |
| 700 | 1 | |a Lam, Lianne K. W. | |